A history of South Carolina Baptists /

Bibliographic Details
Main Author: King, Joe Madison, 1923-
Format: Book
Language:English
Published: [Columbis] : General Board of the South Carolina Baptist Convention, [1964]
Subjects:

MARC

Tag First Indicator Second Indicator Subfields
LEADER 00000cam a2200000 4500
001 in00000039536
005 20151007081813.0
008 761117s1964 xx 00000 eng
010 |a  64019485  
035 |a (OCoLC)02564503 
035 |9 AAF6933AM 
040 |a DLC  |c OHI  |d TXA  |d UtOrBLW 
049 |a TXAM  |c [415573] 
050 0 0 |a BX6428.S6  |b K5 
082 0 |a 286.1757 
092 |a 286.1  |b K53h 
100 1 |a King, Joe Madison,  |d 1923- 
245 1 2 |a A history of South Carolina Baptists /  |c by Joe M. King. Incorporating in part works by Leah Townsend and W. J. McGlothlin. 
264 1 |a [Columbis] :  |b General Board of the South Carolina Baptist Convention,  |c [1964] 
300 |a xxii, 494 pages :  |b illustrations, maps (on lining papers) portraits ;  |c 24 cm. 
336 |a text  |b txt  |2 rdacontent 
337 |a unmediated  |b n  |2 rdamedia 
338 |a volume  |b nc  |2 rdacarrier 
504 |a Bibliography: pages 452-461. 
610 2 0 |a South Carolina Baptist Convention. 
650 0 |a Baptists  |z South Carolina. 
999 |a MARS 
999 f f |s b0ff3fe2-34ab-350d-8081-1792639dfd7d  |i f194f9d3-5b53-3e81-bb24-134992b68951  |t 0 
952 f f |p normal  |a Texas A&M University  |b College Station  |c Sterling C. Evans Library  |d Evans: Library Stacks  |t 0  |e BX6428.S6 K5  |h Library of Congress classification  |i unmediated -- volume  |m A14800625001 
998 f f |a BX6428.S6 K5  |t 0  |l Evans: Library Stacks